Представление документа в формате RUSMARC

ПолеНазваниеЗначение
  Тип записи a
  Библиографический уровень m
001 Контрольный номер RU/CBS_UL/BASE/594386156
005 Дата корректировки 20240209174845.3
010 Индекс ISBN __
a ISBN
b Уточнения в пер.
d Цена 80 к.
9 Тираж 200 000 экз.
100 Данные общей обработки __
a Данные общей обработки 20181101d2018 ||| 0rusy0189 ca
101 Язык документа 0_
a Язык текста rus
102 Страна публикации __
a Страна публикации RU
105 Кодированные данные (монография) __
a Кодированные данные (монография) y###||||000|y
200 Заглавие и сведения об ответственности 1_
a Заглавие Врата страха
b Общее обозначение материала Текст
f Первые сведения об ответственности А. К. Лауринчюкас
210 Выходные данные 1_
a Место издания Москва
c Издательство Политиздат
d Дата издания 1982
215 Физическое описание __
a Объем 287 с.
c Иллюстрации/тип воспроизводства ил.
d Формат 20 см.
300 Общие примечания __
a Общие примечания Ограничения по возрасту - 18+
300 Общие примечания __
a Общие примечания Под инв. номером 1240: 17-1
606 Тематические рубрики 0_
a Основная рубрика Экономика США
610 Ключевые слова 0_
a Ключевые слова экономика США
a Ключевые слова экономика зарубежных стран
a Ключевые слова страны зарубежные
a Ключевые слова история
686 Индексы других классификаций __
a Классификационный индекс 65.9(7США)
2 Код системы ББК
700 Автор _1
a Фамилия Лауринчюкас
b Имя (инициалы) Альбертас Казевич
g Полное личное имя А. К.
801 Источник записи _0
a Страна RU
b Организация МБУК ЦБС
c Дата составления 20181101
g Правила каталогизации RCR
801 Источник записи _1
a Страна RU
b Организация МБУК ЦБС г. Ульяновска
c Дата составления 20181101
g Правила каталогизации RCR
899 Данные о местонахождении __
i Авторский знак Л 28
j Расстановочный фильтр 65.9(7)
901 Тип документа __
t Тип документа m
910 Корректоры записи __
a Корректор записи Тихонова